Stratégia riadenia ľudských zdrojov vo vybranom medzinárodnom podniku diplomová práca

Salvato in:
Dettagli Bibliografici
Autore principale: Véghová, Jana
Ente Autore: Fakulta podnikového manažmentu EU. Katedra manažmentu
Altri autori: Tarišková, Natália, 1973-
Natura: Libro
Lingua:slovacco
Pubblicazione: Bratislava 2019
Tags: Aggiungi Tag
Nessun Tag, puoi essere il primo ad aggiungerne!!

MARC

LEADER 00000nbm a2200000 4500
001 0255608
005 20191119132659.3
041 0 |a slo 
044 |a SK 
245 1 0 |a Stratégia riadenia ľudských zdrojov vo vybranom medzinárodnom podniku  |b diplomová práca  |c Jana Véghová ; školiteľ: Natália Tarišková 
264 1 |a Bratislava  |c 2019 
300 |a 60 s. 
100 1 |a Véghová, Jana 
700 1 |a Tarišková, Natália, 1973- 
710 2 |a Fakulta podnikového manažmentu EU. Katedra manažmentu